Religion and Philosophy of the Hindus/ (Record no. 203154)
[ view plain ]
| 000 -LEADER | |
|---|---|
| fixed length control field | 00600nam a22001937a 4500 |
| 005 - DATE AND TIME OF LATEST TRANSACTION | |
| control field | 20240522120826.0 |
| 010 ## - LCCN (DPL NO) | |
| LC control number | ENG-140468 |
| 020 ## - INTERNATIONAL STANDARD BOOK NUMBER | |
| International Standard Book Number | 9788195555574 |
| Terms of availability | 2750.00 |
| 035 ## - SYSTEM CONTROL NUMBER | |
| System control number | EN-124000 |
| 037 ## - SOURCE OF ACQUISITION | |
| Source of stock number/acquisition | DBAD |
| 082 ## - DEWEY DECIMAL CLASSIFICATION NUMBER | |
| Classification number | 220 |
| 100 ## - MAIN ENTRY--PERSONAL NAME | |
| Personal name | Colebrooke H. T. |
| 245 ## - TITLE STATEMENT | |
| Title | Religion and Philosophy of the Hindus/ |
| Statement of responsibility, etc | By H. T. Colerbrooke [and] Edited by D. A. Gangadhar |
| 260 ## - PUBLICATION, DISTRIBUTION, ETC. (IMPRINT) | |
| Name of publisher, distributor, etc | Prachya Vidya Bhawan |
| Date of publication, distribution, etc | 2022 |
| Place of publication, distribution, etc | Varanasi |
| 270 ## - ADDRESS | |
| Address | B5/25 Oudhgarvi, Sonarpura |
| 300 ## - PHYSICAL DESCRIPTION | |
| Extent | 546p. |
| Dimensions | 22cm(hb) |
| 700 ## - ADDED ENTRY--PERSONAL NAME | |
| Personal name | Colerbrooke H. T. |
| Relator term | Author |
| 9 (RLIN) | 66728 |
| 942 ## - ADDED ENTRY ELEMENTS (KOHA) | |
| Source of classification or shelving scheme | Dewey Decimal Classification |
| Item type | English Books |
| Classification part | 220 |
| Call number suffix | Col |
| Withdrawn status | Lost status | Not for loan | Collection code | Home library | Current library | Date acquired | Source of acquisition | Cost, normal purchase price | Full call number | Barcode | Cost, replacement price | Koha item type |
|---|---|---|---|---|---|---|---|---|---|---|---|---|
| Non-fiction | Narela | Narela | 22/05/2024 | DBAD | 2750.00 | 220 COL | EN-124000 | 2750.00 | English Books |
